000 00710nas a2200241 4500
001 BR8803309
003 BR-BrBNA
005 20231205091149.0
007 ta
008 230509b bl.|||p| |||| 00| 00por d
040 _aBR-BrBNA
_bpor
_cBiblioteca Nacional de Agricultura
041 _a(Pt)
072 _aH10
100 1 _aNovaretti, W.R.T.
245 1 _aControle de cupins em cana-de-acucar atraves do emprego de inseticidas de solo
650 _aCANA DE ACUCAR
650 _aCUPIM
650 _aINSETICIDA
650 _aCONTROLE QUIMICO
773 0 _tSTAB (Brazil)
_xISSN 0102-1214
_g(Mar-Apr 1987), v. 5(4) p. 27-31
_wBR8803309
909 _a202311
_bLúcia
_c55
_dLúcia Elande
942 _2AGRIS
_n0
_cANA
999 _c123256
_d123256